| 000 | 00973nas a2200313 4500 | ||
|---|---|---|---|
| 001 | BR0707024 | ||
| 003 | BR-BrBNA | ||
| 005 | 20231205111333.0 | ||
| 007 | ta | ||
| 008 | 230509b bl.|||p| |||| 00| 00por d | ||
| 040 |
_aBR-BrBNA _bpor _cBiblioteca Nacional de Agricultura |
||
| 041 | _a(Pt) | ||
| 072 | _aL70; L50 | ||
| 100 | 1 | _aRodrigues, S.S. | |
| 100 | 1 | _aFonseca, C.C. | |
| 100 | 1 | _aNeves, M.T.D. das | |
| 245 | 1 | _aCélulas endócrinas do sistema gastroenteropancreático: conceitos, distribuição, secreções, ação e controle | |
| 650 | _aCÉLULA | ||
| 650 | _aSISTEMA NERVOSO | ||
| 650 | _aENDOCRINOLOGIA | ||
| 650 | _aDIGESTÃO | ||
| 650 | _aABSORÇÃO | ||
| 650 | _aNUTRIENTE | ||
| 650 | _aINTESTINO | ||
| 650 | _aESTÕMAGO | ||
| 773 | 0 |
_tArquivos de Ciências Veterinárias e Zoologia da UNIPAR (Brazil) _xISSN 1415-8167 _g(Jul-Dec 2005), v. 8(2) p. 171-180 _wBR0707024 |
|
| 909 |
_a202311 _bLúcia _c55 _dLúcia Elande |
||
| 942 |
_2AGRIS _n0 _cANA |
||
| 999 |
_c192120 _d192120 |
||